| 000 | 00693nam a2200241 a 4500 | ||
|---|---|---|---|
| 001 | BRCA_6979 | ||
| 005 | 20190320205651.0 | ||
| 008 | 221111s1952----u--a######---#000-0#eng-# | ||
| 041 | _aeng | ||
| 044 | _au | ||
| 050 | 4 |
_aND673 _b.P68 S66 _c1952 |
|
| 245 | 1 | 0 |
_aGonzaga portraits by Frans Pourbus II _cby Martin S. Soria |
| 260 |
_aEstados Unidos _c1952 |
||
| 300 |
_app. 37-44 _bil. |
||
| 500 | _aSobretiro de: The Art Quarterly (Spring 1952) | ||
| 500 | _aDedicatoria del autor a Franz Mayer | ||
| 500 | _aO211 | ||
| 600 | 1 | 4 |
_aPourbus, Frans _d1569-1622 _917378 |
| 650 | 1 | 4 |
_aPintores flamencos _97571 |
| 650 | 1 | 4 |
_aGonzaga, Familia _xRetratos _917379 |
| 902 | _aGFM | ||
| 942 |
_2lcc _cB |
||
| 999 |
_c6660 _d6660 |
||